Одой өвгөний байшин (Бичлэгийн дугаар. 898421)
[ энгийн харах ]
| 000 -Удирдлага | |
|---|---|
| Ном зүйн бүртгэл тоо буюу кодлох утгыг агуулсан | 00577nam a2200205Ia 4500 |
| 008 - ЕРӨНХИЙ МЭДЭЭЛЭЛ-ЭЛЕМЕНТҮҮДИЙН ӨГӨГДЛИЙН УРТ | |
| fixed length control field | 240619s9999 xx 000 0 und d |
| 035 ## - СИСТЕМИЙН ХЯНАЛТЫН ДУГААР | |
| Системийн хяналтын дугаар | 3479 |
| 040 ## - ЭХ СУРВАЛЖИЙГ ТОДОРХОЙЛОН БИЧИХ | |
| Анхны каталогийн байгууллага | GS0142000 |
| Каталогийн хэл | Монгол |
| Бичлэг хийж нэвтрүүлэх байгууллага | MN-UlNLM |
| Өөрчлүүлэх байгууллага | MN-UlNLM |
| Бичиглэлийн тодорхойлолт | rda |
| 041 ## - ХЭЛНИЙ КОД | |
| Текстийн хэлний код/фонограм буюу салангид гарчиг | Монгол |
| 042 ## - AUTHENTICATION CODE | |
| Authentication code | 4834 |
| 084 ## - БУСАД АНГИЛЛЫН ДУГААР | |
| Ангиллын нэр | Номын сан номзүйн ангилал |
| Анги | 84(5Ян) |
| Зохиогчийн 3-н тэмдэгт | А-68 |
| 100 ## - ЗОХИОГЧИЙН ХЭСЭГ | |
| Зохиогчийн нэр | Аояма К. |
| 245 #0 - ҮНДСЭН ГАРЧИГ | |
| Гарчиг | Одой өвгөний байшин |
| 264 ## - ГАРАЛТЫН МЭДЭЭ | |
| Хэвлэгдсэн газар | Улаанбаатар |
| Бүтээгч, хэвлэгч, түгээгч, үйлдвэрлэгчийн нэр | Адмон ХХК |
| Хэвлэгдсэн он | 2009 |
| 300 ## - ТООНЫ МЭДЭЭ | |
| Хуудасны тоо | 32х. |
| 336 ## - АГУУЛГЫН ТӨРӨЛ | |
| Нөөц | rdacontent |
| Агуулгын төрлийн нөхцөл | text |
| Агуулгын төрлийн код | txt |
| 337 ## - MEDIA TYPE | |
| Эх сурвалж | rdamedia |
| Файлын төрөл | unmediated |
| Файлын код | n |
| 338 ## - CARRIER TYPE | |
| Source | rdacarrier |
| Carrier type term | volume |
| Carrier type code | nc |
| 942 ## - ЭЛЕМЕНТИЙН ТӨРӨЛ | |
| Анги | Номын сан номзүйн ангилал |
| Төрөл | Ном |
| Буцаан татагдсан төлөв | Хасагдсан шалтгаан | Гэмтсэн төлөв | Данс заагч | Захиалах боломжгүй | Үндсэн номын сан | Одоогийн байршил | Салбар танхим | Салбар танхим | Бүртгэсэн огноо | Тавиурын заалт | Баркод | Үнэ | Хамгийн сүүлд байсан огноо | Нийт уншлаганд гарсан тоо | Дансны дугаар | Төрөл |
|---|---|---|---|---|---|---|---|---|---|---|---|---|---|---|---|---|
| Говьсүмбэр | Говьсүмбэр | Говьсүмбэр | Номын сан | Говьсүмбэр | Номын сан | 2024-06-19 | 84(5Ян) А-68 | GS0143479-1 | 9350.00 | 2024-06-19 | 4731 | Ном | ||||||
| Говьсүмбэр | Говьсүмбэр | Говьсүмбэр | Номын сан | Говьсүмбэр | Номын сан | 2024-06-19 | 84(5Ян) А-68 | GS0143479-2 | 9350.00 | 2024-06-19 | 4732 | Ном | ||||||
| Говьсүмбэр | Говьсүмбэр | Говьсүмбэр | Номын сан | Говьсүмбэр | Номын сан | 2024-06-19 | 84(5Ян) А-68 | GS0143479-3 | 9350.00 | 2024-06-19 | 4733 | Ном |